Coleridge as philosopher /

Bibliographic Details
Main Author: Muirhead, John H. (John Henry), 1855-1940
Format: Book
Language:English
Published: London : New York : G. Allen & Unwin ltd.; The Macmillan company, [1930]
Series:Library of philosophy.
Subjects:

MARC

Tag First Indicator Second Indicator Subfields
LEADER 00000cam a2200000 4500
001 in00000062629
005 20151007083046.0
008 720803s1930 enk 00000 eng u
010 |a  30031397  
035 |a (OCoLC)00372674 
035 |9 AAF8794AM 
040 |c WSU  |d TXA  |d UtOrBLW 
049 |a TXAM  |c [199503] 
050 0 |a B1583.Z7  |b M8 
092 |a 192.9  |b C693Ym 
100 1 |a Muirhead, John H.  |q (John Henry),  |d 1855-1940. 
245 1 0 |a Coleridge as philosopher /  |c by John H. Muirhead ... 
264 1 |a London :  |b G. Allen & Unwin ltd.;  |a New York :  |b The Macmillan company,  |c [1930] 
300 |a 287 pages 1 unnumbered page :  |b frontispiece (portrait) ;  |c 22 cm. 
336 |a text  |b txt  |2 rdacontent 
337 |a unmediated  |b n  |2 rdamedia 
338 |a volume  |b nc  |2 rdacarrier 
490 1 |a Library of philosophy 
600 1 0 |a Coleridge, Samuel Taylor,  |d 1772-1834. 
830 0 |a Library of philosophy. 
999 |a MARS 
999 f f |s 5f2247ec-f5c7-355a-a11e-8d51bb77349e  |i 59307afd-d2c9-36e2-a298-17d69980d773  |t 0 
952 f f |p ric  |a Texas A&M University  |b Rellis Campus  |c Joint Library Facility  |d Remote Storage  |t 0  |e B1583.Z7 M8  |h Library of Congress classification  |i unmediated -- volume  |m A14800543209 
998 f f |a B1583.Z7 M8  |t 0  |l Remote Storage